|
|
|
|
| LEADER |
01615nam a2200385 i 4500 |
| 001 |
45240 |
| 003 |
BD-DhAAL |
| 005 |
20251230164826.0 |
| 008 |
241030t2018 nyu b 001 0 eng |
| 010 |
|
|
|a 2018013856
|
| 020 |
|
|
|a 9781787330870
|
| 020 |
|
|
|a 9781787330672
|
| 020 |
|
|
|a 9780525512172
|
| 020 |
|
|
|a 9780525512196
|
| 020 |
|
|
|z 9780525512189 (Ebook)
|
| 020 |
|
|
|z 9781984801494 (International)
|
| 035 |
|
|
|a 20417122
|
| 040 |
|
|
|a DLC
|b eng
|e rda
|c DLC
|d DLC
|d BD-DhAAL
|
| 042 |
|
|
|a pcc
|
| 050 |
0 |
0 |
|a CB428
|b .H36848 2018
|
| 082 |
0 |
0 |
|a 909.82
|2 23
|
| 100 |
1 |
|
|a Harari, Yuval N.,
|e author.
|9 21410
|
| 245 |
1 |
0 |
|a 21 lessons for the 21st century /
|c Yuval Noah Harari.
|
| 246 |
3 |
|
|a Twenty one lessons for the twenty first century
|
| 260 |
|
|
|a London :
|b Jonathan Cape,
|c 2018.
|
| 300 |
|
|
|a xv, 352 pages ;
|c 25 cm
|
| 500 |
|
|
|a Originally published: Jonathan Cape, 2018.
|
| 504 |
|
|
|a Includes bibliographical references and index.
|
| 541 |
1 |
|
|a Donated by Farhana Zahir, Assistant Professor, BRAC Business School, BRAC University
|e 45240
|
| 650 |
|
0 |
|a Civilization, Modern
|y 21st century.
|
| 650 |
|
0 |
|a Civilization, Modern.
|
| 650 |
|
0 |
|a World politics.
|
| 942 |
|
|
|2 ddc
|c BK
|
| 999 |
|
|
|c 47694
|d 47694
|
| 952 |
|
|
|0 0
|1 0
|2 ddc
|4 0
|6 909_820000000000000_HAR
|7 0
|9 78656
|a BRACUL
|b BRACUL
|c NEW
|d 2025-12-30
|e Donated by Farhana Zahir, Assistant Professor, BRAC Business School, BRAC University
|l 1
|m 24
|o 909.82 HAR
|p 3010045240
|q 2026-06-02
|r 2026-01-14
|s 2026-01-14
|t 1
|w 2025-12-30
|y BK
|x Donated copy received from Farhana Zahir, Assistant Professor, BRAC Business School, BRAC University on 19 November 2025;£18.99
|